Vlaggen van Nederlandse provincies - Statistieken

Algemene statistieken
  • Deze quiz is 2.407 keer genomen
  • De gemiddelde score is 9 van 12
Antwoordstatistieken
Foto Antwoord % Correct
Friesland
99%
Zeeland
86%
Noord-Brabant
78%
Limburg
75%
Drenthe
74%
Gelderland
73%
Groningen
71%
Utrecht
67%
Noord-Holland
65%
Zuid-Holland
62%
Flevoland
58%
Overijssel
58%
Geen overeenkomende quizzen gevonden
Scoreverdeling
Procent van Mensen met Elke Score
Percentiel versus Aantal Correcte Antwoorden
Uw Scoregeschiedenis
U heeft deze quiz nog niet genomen